Comision de historia 1973-1977.

Tallennettuna:
Bibliografiset tiedot
Yhteisötekijä: Instituto Panamericano de Geografía e Historia (autor)
Aineistotyyppi: Kirja
Julkaistu: Caracas, Venezuela: Instituto Panamericano de Geografía e Historia, 1977.
Aiheet:
Tagit: Lisää tagi
Ei tageja, Lisää ensimmäinen tagi!

MARC

LEADER 00000nam a22000007a 4500
003 CL-VaPUC
005 20220822114859.0
008 220811t1977 ||||| |||| 00| 0 eng d
999 |c 438265  |d 438263 
040 |c Pontificia Universidad Católica de Valparaíso 
082 7 |a 970.00601 INS 1977  |2 22 
110 |a Instituto Panamericano de Geografía e Historia  |e autor  |9 875394 
245 |a Comision de historia 1973-1977. 
260 |a Caracas, Venezuela:   |b Instituto Panamericano de Geografía e Historia,   |c 1977. 
300 |a 113 páginas. 
500 |a c.1 Donación Familia Prof. Alejandro Guzmán Brito. 
500 |a Informe XI Asamblea General del I.P.G.H., IX Reunion de Consulta Sobre Historia Quito, 1977 
583 |c 20220811  |k Catalogador Asistente 
610 |a Instituto Panamericano de Geografía e Historia  |x Comisión de historia   |9 875418 
942 |2 ddc  |c BK  |n 0 
952 |0 0  |1 0  |2 ddc  |4 0  |6 970_006010000000000_INS_1977  |7 1  |8 C_AGB  |9 586145  |a BIBDER  |b BIBDER  |d 2022-08-11  |e Donación  |i 5654111  |o 970.00601 INS 1977  |p 5654111  |r 2023-01-25  |t 1  |w 2022-08-11  |y BK_US  |k AGB